| 000 | 00533nam a2200181Ia 4500 | ||
|---|---|---|---|
| 005 | 20250423101023.0 | ||
| 008 | 250422s9999 xx 000 0 und d | ||
| 020 | _a9780367646509 | ||
| 050 | _aHD 30.28 .S77/ | ||
| 100 | _aEdited by Kumar, Vikas | ||
| 245 | 0 | _aStrategic management during a pandemic | |
| 260 | _aNew York | ||
| 260 | _bRoutledge | ||
| 260 | _c2022 | ||
| 300 | _axxvi, 245p.: ill. | ||
| 650 | _aStrategic planning. Organizational change. Crisis management. COVID-19 (Disease)--Economic aspects. | ||
| 942 | _cBK | ||
| 999 |
_c35041 _d35041 |
||